[Event "Hampstead op U2200 09"]
[Site "Hampstead"]
[Date "2013.09.29"]
[Round "4"]
[White "Jina, Taran"]
[Black "Jefferies, Tyrone R"]
[Result "1-0"]
[WhiteElo "1690"]
[BlackElo "1594"]
[PlyCount "81"]
[EventDate "2013.09.28"]
[EventType "swiss"]
[EventRounds "5"]
[EventCountry "ENG"]
[SourceTitle "EXT 2015"]
[Source "ChessBase"]
[SourceDate "2014.11.20"]
[SourceVersion "1"]
[SourceVersionDate "2014.11.20"]
[SourceQuality "1"]

1. e4 c5 2. Nf3 g6 3. d4 cxd4 4. Nxd4 Bg7 5. c4 Nc6 6. Be3 Nf6 7. Nc3 a6 8. Be2 0-0 9. 0-0 d6 10. Nc2 Ne5 11. f3 Qc7 12. b3 Bd7 13. Rc1 Rac8 14. Nb4 e6 15. Qd2 a5 16. Nc2 Bc6 17. Rfd1 Ne8 18. Nd4 Qe7 19. Ndb5 d5 20. exd5 exd5 21. cxd5 Bxb5 22. Nxb5 Rxc1 23. Rxc1 Nd7 24. Bf4 b6 25. d6 Qf6 26. Bg5 Qe5 27. Bc4 Nef6 28. Re1 Qc5+ 29. Kh1 Re8 30. Rc1 Qf5 31. Nd4 Qe5 32. Nc6 Ne4 33. Nxe5 Nxd2 34. Bxf7+ Kf8 35. Bxe8 Nxe5 36. d7 Nd3 37. d8Q Nf2+ 38. Kg1 Nh3+ 39. gxh3 Nxf3+ 40. Kg2 Nxg5 41. Rf1+ 1-0

[Event "Hampstead op U2200 04"]
[Site "Hampstead"]
[Date "2013.04.21"]
[Round "4"]
[White "Villiers, Thomas"]
[Black "Jefferies, Tyrone R"]
[Result "1-0"]
[WhiteElo "1985"]
[BlackElo "1546"]
[PlyCount "71"]
[EventDate "2013.04.20"]
[EventType "swiss"]
[EventRounds "5"]
[EventCountry "ENG"]
[SourceTitle "EXT 2014"]
[Source "ChessBase"]
[SourceDate "2013.11.20"]
[SourceVersion "1"]
[SourceVersionDate "2013.11.20"]
[SourceQuality "1"]

1. c4 e6 2. g3 c6 3. Bg2 Nf6 4. d4 d5 5. Qc2 Na6 6. a3 Qa5+ 7. Bd2 Qb6 8. c5 Qc7 9. Nf3 Ne4 10. 0-0 Nxd2 11. Nbxd2 Be7 12. e4 h6 13. b4 Nb8 14. Ne5 0-0 15. f4 Nd7 16. Nxd7 Bxd7 17. Rae1 Bf6 18. e5 Be7 19. g4 b6 20. f5 Bh4 21. Rb1 Bg5 22. Rf3 bxc5 23. bxc5 Rab8 24. Nb3 a5 25. Rbf1 a4 26. Nc1 Qa5 27. Nd3 Rb3 28. f6 g6 29. Nb4 Be3+ 30. Rxe3 Rxe3 31. Qd2 Kh7 32. Qxe3 Rb8 33. Qd2 Qb5 34. Rf3 Qa5 35. Rh3 g5 36. Qxg5 1-0

[Event "Hampstead op U2200 04"]
[Site "Hampstead"]
[Date "2013.04.20"]
[Round "3"]
[White "Jefferies, Tyrone R"]
[Black "Finch, J Russell"]
[Result "1-0"]
[WhiteElo "1546"]
[BlackElo "1730"]
[PlyCount "75"]
[EventDate "2013.04.20"]
[EventType "swiss"]
[EventRounds "5"]
[EventCountry "ENG"]
[SourceTitle "EXT 2014"]
[Source "ChessBase"]
[SourceDate "2013.11.20"]
[SourceVersion "1"]
[SourceVersionDate "2013.11.20"]
[SourceQuality "1"]

1. d4 g6 2. g3 Bg7 3. Bg2 d6 4. c3 Nc6 5. Qb3 Nf6 6. e4 e5 7. Be3 0-0 8. Nd2 Ng4 9. h4 Nxe3 10. fxe3 Bh6 11. d5 Ne7 12. c4 f5 13. 0-0-0 Rb8 14. Nh3 a6 15. Ng5 Bd7 16. Ne6 Bxe6 17. dxe6 b5 18. Qd3 Qe8 19. Rde1 bxc4 20. Qxc4 Qb5 21. b3 Qb6 22. Qc3 a5 23. Nc4 Qb4 24. Kc2 a4 25. Qxb4 Rxb4 26. Rb1 Ra8 27. Kc3 Rab8 28. exf5 Nxf5 29. Bc6 Bxe3 30. Bxa4 Bd4+ 31. Kd3 e4+ 32. Kxe4 Nxg3+ 33. Kxd4 Nxh1 34. Rxh1 Rd8 35. Rf1 Rxa4 36. bxa4 Re8 37. Kd5 c6+ 38. Kxd6 1-0

[Event "Hampstead op U2200 04"]
[Site "Hampstead"]
[Date "2013.04.20"]
[Round "1"]
[White "Jefferies, Tyrone R"]
[Black "Oyama, Akito"]
[Result "0-1"]
[WhiteElo "1546"]
[BlackElo "1917"]
[PlyCount "104"]
[EventDate "2013.04.20"]
[EventType "swiss"]
[EventRounds "5"]
[EventCountry "ENG"]
[SourceTitle "EXT 2014"]
[Source "ChessBase"]
[SourceDate "2013.11.20"]
[SourceVersion "1"]
[SourceVersionDate "2013.11.20"]
[SourceQuality "1"]

1. d4 f5 2. g3 Nf6 3. Bg2 e6 4. Bg5 Be7 5. Nf3 0-0 6. Nbd2 d6 7. c4 a5 8. Rc1 Nc6 9. a3 e5 10. d5 Nb8 11. Qc2 Na6 12. Nh4 h6 13. Bxf6 Rxf6 14. e3 g5 15. Nhf3 Qe8 16. Qc3 a4 17. e4 f4 18. h3 Qg6 19. g4 Nc5 20. Nh2 Bd7 21. f3 h5 22. Ke2 h4 23. b4 axb3 24. Nxb3 Rxa3 25. Rb1 Ba4 26. Qb4 Rxb3 27. Rxb3 Bxb3 28. Ra1 Qe8 29. Kd2 Ba4 30. Kc3 Rf8 31. Qa5 b6 32. Qb4 Qa8 33. Bf1 Rb8 34. Be2 Qa5 35. Bd1 Qxb4+ 36. Kxb4 Bxd1 37. Rxd1 Ra8 38. Kb5 Ra3 39. Rb1 Kf7 40. Kb4 Ra2 41. Nf1 Rf2 42. Ra1 Rxf3 43. Nd2 Rxh3 44. Ra3 Rxa3 45. Kxa3 h3 46. Nf3 Nxe4 47. Kb4 Nd2 48. Nh2 e4 49. Kc3 e3 50. Kd3 Nxc4 51. Kxc4 e2 52. Nf3 h2 0-1